| 000 | 01037nab a2200301 4500 | ||
|---|---|---|---|
| 003 | BR-BrBNA | ||
| 005 | 20240215152124.0 | ||
| 008 | 240215b bl.||||| |||| 00| 0 por d | ||
| 040 |
_aBR-BrBNA _bpor |
||
| 072 |
_aF01 ; F02 ; H01 _b1540 |
||
| 100 | _aMartinez, Ângelo Artur | ||
| 245 | _aMandioca: seleção e preparo das manivas para plantio | ||
| 500 | _a3 ref.; 2 illus. | ||
| 650 | _aMANDIOCA | ||
| 650 | _aTUBÉRCULO | ||
| 650 | _aMANIVA | ||
| 650 | _aMATERIAL DE PROPAGAÇÃO | ||
| 650 | _aSELEÇÃO | ||
| 650 | _aVARIEDADE | ||
| 650 | _aMATURIDADE | ||
| 650 | _aTAMANHO | ||
| 650 | _aFITOSANIDADE | ||
| 650 | _aARMAZENAMENTO | ||
| 650 | _aCORTE | ||
| 773 | 0 |
_01330 _9275222 _dCampinas-SP Coordenadoria de Assistência Técnica Integral - CATI - Centro de Comunicação Rural e Treinamento - CECORT 1979. Data final de publicação em 1990 _o2023-437030 _tCasa da Agricultura (Brazil) _x0100-6541 _gv. 2(1) p. 26-27 (Jan-Feb 1980) _wBR2023002393 |
|
| 942 | _cAnalítica | ||
| 999 |
_c298506 _d298506 |
||